Základné aspekty dane z motorových vozidiel v podmienkach SR – výhody a nevýhody
Problémy súčasného prerozdelenia daní je nesúlad medzi objemom dopravy vo verejnom záujme, počtom kilometrov ciest pod správou VÚC a výnosom dane z motorových vozidiel.
Enregistré dans:
| Auteur principal: | |
|---|---|
| Format: | Chapitre de livre |
| Langue: | slovaque |
| Sujets: | |
| Tags: |
Pas de tags, Soyez le premier à ajouter un tag!
|
MARC
| LEADER | 00000nla a2200000 4500 | ||
|---|---|---|---|
| 001 | 0173545 | ||
| 005 | 20240502072946.0 | ||
| 041 | 0 | |a slo | |
| 044 | |a SK | ||
| 245 | 1 | 0 | |a Základné aspekty dane z motorových vozidiel v podmienkach SR – výhody a nevýhody |c Zuzana Neupauerová |
| 520 | |a Problémy súčasného prerozdelenia daní je nesúlad medzi objemom dopravy vo verejnom záujme, počtom kilometrov ciest pod správou VÚC a výnosom dane z motorových vozidiel. | ||
| 610 | 2 | 0 | |a dane z vozidiel motorových |
| 610 | 2 | 0 | |a dane miestne |
| 610 | 2 | 0 | |a dane priame |
| 610 | 2 | 0 | |a dane z príjmov |
| 610 | 2 | 0 | |a dane cestné |
| 610 | 2 | 0 | |a vyššie územné celky |
| 100 | 1 | |a Neupauerová, Zuzana | |